| 000 | 00443nam a2200145Ia 4500 | ||
|---|---|---|---|
| 008 | 151015s9999 xx 000 0 und d | ||
| 020 | _a9.7818478745e+012 | ||
| 050 | _aLB 1139.23 .E273 2003 | ||
| 245 | _aAngela Anning | ||
| 250 | _a_Early Childhood Education Society & Culture / Angela Anning | ||
| 300 | _aLondon : Sage, 2004 | ||
| 500 | _aIncludes index | ||
| 650 | _a_Early Childhood Education | ||
| 700 | _a^d20120113 11:08:36^oanne | ||
| 999 |
_c3127 _d3127 |
||